Statistics for The Most Brutal Dictators In History

Click here to take the quiz!

General Stats

  • This quiz has been taken 264 times
  • The average score is 13 of 25

Answer Stats

RankCountryHow KilledDictator% Correct
2GermanyWar,GenocideAdolf Hitler
99%
4USSRWar,TerrorJoseph Stalin
97%
1China(PRC)War,GenocideMao Zedong
93%
23North KoreaStarvationKim Jong-Il
89%
21USSRRevolutionVladimir Lenin
89%
12North KoreaWarKim Il Sung
88%
11IraqWarSaddam Hussein
79%
8CambodiaGenocidePol Pot
77%
20JapanWarEmperor Hirohito
75%
3BelgiumGenocideLeopold II
66%
15North VietnamWar,ReformsHo Chi Minh
65%
5JapanWarHideki Tojo
53%
25ZimbabweReformsRobert Mugabe
52%
17China(ROC)War, GenocideChiang Kai-Shek
40%
16GermanyWarWilhelm II
35%
6RussiaTerror/ brutal leadershipTzar Nicholas II
34%
18USSRGenocideLeonid Brezhnev
28%
24Romania/HungaryGenocideVlad III
25%
10Ottoman Empire(Turkey)GenocideIsmail Pasha
17%
9SudanWarOmar al-Bashir
16%
7PakistanWarYahya Khan
16%
22UgandaGenocideIdi Amin Dada
13%
13EthiopiaRevolutionMengistu Mariam
7%
14NigeriaWarYakubu Gowon
5%
19JapanWarKoki Hirota
3%

Score Distribution

Percentile by Number Answered

Percent of People with Each Score

Your Score History

You have not taken this quiz